000 00480nam a2200181Ia 4500
001 18990
005 20260306171711.0
008 260306s9999||||xx |||||||||||||| ||und||
041 _aESP
082 _a658.72
_bA49
100 _aÁlvarez Illanes, Juan Francisco
_eAUT
245 0 _aManual operativo del sistema de abastecimientos y control patrimonial
260 _c2017
300 _a703 páginas :
_c25 cm.
650 _aGEN
654 _aCAN
942 _cLIB
_dJUS
_fJUS
_2ddc
_n
999 _c18990
_d18990